En busca del Derecho Penal: esbozos de una teoría realista del delito y de la pena
Gespeichert in:
| 1. Verfasser: | |
|---|---|
| Format: | Buch |
| Sprache: | Spanisch |
| Veröffentlicht: |
Montevideo
B de f
2017
|
| Ausgabe: | 1a. ed |
| Schriftenreihe: | Estudios y Debates en Derecho Penal, 10
|
| Schlagworte: | |
| Tags: |
Tag hinzufügen
Keine Tags, Fügen Sie den ersten Tag hinzu!
|
MARC
| LEADER | 00000cam a2200000 a 4500 | ||
|---|---|---|---|
| 001 | UCC4735 | ||
| 003 | CL-VaPUC | ||
| 008 | 180824e20170000uy |||||||||||||||||spa|d | ||
| 020 | |a 9789974708631 | ||
| 082 | 0 | 4 | |a 345 |b SIL |2 21 |
| 100 | 0 | |a Silva Sánchez, Jesús María |e author |9 598930 | |
| 245 | 1 | 0 | |a En busca del Derecho Penal: esbozos de una teoría realista del delito y de la pena |
| 250 | |a 1a. ed | ||
| 300 | |a 285 p | ||
| 942 | |c BK | ||
| 945 | |d 20180824 13:39:00 |a dcastane | ||
| 260 | |a Montevideo |b B de f |c 2017 | ||
| 650 | 7 | |a DERECHO PENAL |2 CL-VaPUC |9 11 | |
| 650 | 7 | |a CULPABILIDAD |2 CL-VaPUC |9 351694 | |
| 650 | 0 | |a Delito |9 336975 | |
| 583 | |a last modification |c 20180824 13:39:00 |k Rodrigo Vera | ||
| 490 | 0 | |a Estudios y Debates en Derecho Penal, 10 | |
| 999 | |c 372153 |d 372151 | ||
| 952 | |0 0 |1 0 |3 erb |4 0 |6 345_000000000000000_SIL_2017 |7 0 |8 A |9 489430 |a BIBDER |b BIBDER |i 5491185 |l 1 |m 2 |o 345 SIL 2017 |p 5491185 |r 2023-01-25 |s 2022-06-10 |w 2019-11-24 |y BK |z Catalogado en:20180824 |k DER | ||